佐賀県の市町村(1968年) - Statistics

General Stats
  • This quiz has been taken 9 times
  • The average score is 24 of 49
Answer Stats
コード 市町村 備考 % Correct
41205 伊万里市
100%
41201 佐賀市
88%
41202 唐津市
75%
41203 鳥栖市
75%
41204 多久市
75%
41207 鹿島市
75%
41206 武雄市
63%
41301 佐賀郡諸富町 2005年消滅
50%
41302 佐賀郡川副町 2007年消滅
50%
41303 佐賀郡東与賀町 2007年消滅
50%
41304 佐賀郡久保田町 2007年消滅
50%
41305 佐賀郡大和町 2005年消滅
50%
41321 神埼郡神埼町 2006年消滅
50%
41341 三養基郡基山町
50%
41343 三養基郡北茂安町 2005年消滅
50%
41344 三養基郡三根町 2005年消滅
50%
41345 三養基郡上峰村 1989年昇格
50%
41361 小城郡小城町 2005年消滅
50%
41381 東松浦郡浜玉町 2005年消滅
50%
41383 東松浦郡厳木町 2005年消滅
50%
41386 東松浦郡肥前町 2005年消滅
50%
41387 東松浦郡玄海町
50%
41388 東松浦郡鎮西町 2005年消滅
50%
41389 東松浦郡呼子町 2005年消滅
50%
41401 西松浦郡有田町
50%
41402 西松浦郡西有田町 2006年消滅
50%
41422 杵島郡北方町 2006年消滅
50%
41423 杵島郡大町町
50%
41424 杵島郡江北町
50%
41425 杵島郡白石町
50%
41426 杵島郡福富町 2005年消滅
50%
41441 藤津郡太良町
50%
41442 藤津郡塩田町 2006年消滅
50%
41443 藤津郡嬉野町 2006年消滅
50%
41306 佐賀郡富士町 2005年消滅
38%
41323 神埼郡三田川町 2006年消滅
38%
41324 神埼郡東脊振村 2006年消滅
38%
41325 神埼郡脊振村 2006年消滅
38%
41342 三養基郡中原村 1971年昇格
38%
41362 小城郡三日月町 2005年消滅
38%
41363 小城郡牛津町 2005年消滅
38%
41382 東松浦郡七山村 2006年消滅
38%
41384 東松浦郡相知町 2005年消滅
38%
41385 東松浦郡北波多村 2005年消滅
38%
41421 杵島郡山内町 2006年消滅
38%
41427 杵島郡有明町 2005年消滅
38%
41322 神埼郡千代田町 2006年消滅
25%
41326 神埼郡三瀬村 2005年消滅
25%
41364 小城郡芦刈町 2005年消滅
25%
No matching quizzes found
Score Distribution
Percent of People with Each Score
Percentile by Number Answered
Your Score History
You have not taken this quiz